000 00423nam a2200181Ia 4500
001 10320
005 20260306161823.0
008 260306t1965||||xx |||||||||||||| ||spa||
041 _aESP
082 _a920
_bI72
100 _aIribarren, Manuel
_eAUT
245 0 _aPequeños hombres ante la vida
260 _c1965
300 _a342 páginas :
_c22 cm.
650 _aGEN
654 _aCHU
942 _cLIB
_dJUS
_fJUS
_2ddc
_n
999 _c10320
_d10320